[Event "Ter Apel"]
[Site "Ter Apel"]
[Date "1992.??.??"]
[Round "5"]
[White "Adams, Michael"]
[Black "Christiansen, Larry Mark"]
[Result "1-0"]
[WhiteElo "2620"]
[BlackElo "2595"]
[Annotator "Anand,V"]
[PlyCount "77"]
[EventDate "1992.03.??"]
[EventType "tourn"]
[EventRounds "5"]
[EventCountry "NED"]
[EventCategory "14"]
[SourceTitle "CBM 030"]
[Source "ChessBase"]
[SourceDate "1992.10.01"]
[SourceVersion "1"]
[SourceVersionDate "1992.10.01"]
[SourceQuality "1"]

1. e4 c5 2. Nf3 d6 3. d4 cxd4 4. Nxd4 Nf6 5. Nc3 Nc6 6. Be3 e5 7. Nf3 Be7 8.
Bc4 O-O 9. Bg5 Be6 10. Bb3 Rc8 (10... h6 11. Bxf6 Bxf6 12. Nd5 $14) 11. O-O Na5
12. Qd3 Nc4 13. Rab1 Nd7 14. Bxe7 Qxe7 15. Rfd1 Nc5 (15... Ndb6 $5 16. Bxc4
Nxc4 17. b3 Na3 (17... Nb6 18. Nb5 d5 (18... Rfd8 19. Nxa7 Ra8 20. Nb5 Rxa2 21.
c4 $16) 19. Nxe5 dxe4 20. Qxe4 Rc5 $13) 18. Rbc1 Rc7 19. Nd5 Bxd5 20. exd5 Rfc8
$13) 16. Qe2 Nb6 (16... Nxb3 17. axb3 Nxb2 $2 18. Nd5 Bxd5 19. Rxd5 $18) 17.
Nb5 $1 $16 Nxb3 18. axb3 d5 19. Nxa7 Rc5 (19... Ra8 20. Nb5 f6) 20. b4 Rc7 21.
Nb5 Rcc8 22. Nxe5 dxe4 23. Qxe4 Bd5 24. Qe3 Ba2 25. Rbc1 Nd5 26. Qd4 Nxb4 27.
c3 Bb3 28. Nd6 Rc7 29. cxb4 Bxd1 30. Rxd1 $18 Rd8 31. h3 Qe6 32. Qb6 Qe7 33.
Rd5 Ra8 34. Nf5 Rc1+ 35. Kh2 Qg5 36. Qd4 h5 37. Nxf7 Qf6 38. Qxf6 gxf6 39. Rd7
1-0

[Event "Biel MTO op"]
[Site "Biel"]
[Date "2001.07.26"]
[Round "4"]
[White "Arizmendi Martinez, Julen Luis"]
[Black "Milov, Vadim"]
[Result "1-0"]
[WhiteElo "2495"]
[BlackElo "2614"]
[Annotator "Arizmendi,J"]
[PlyCount "63"]
[EventDate "2001.07.23"]
[EventType "swiss"]
[EventRounds "11"]
[EventCountry "SUI"]
[SourceTitle "CBM 083 Extra"]
[Source "ChessBase"]
[SourceDate "2001.09.11"]
[SourceVersion "1"]
[SourceVersionDate "2001.09.11"]
[SourceQuality "1"]

1. e4 c5 2. Nf3 Nc6 3. Nc3 d6 4. d4 cxd4 5. Nxd4 Nf6 6. f3 Qb6 {A sideline in
the 6.f3 variation of the Classical Sicilian. In my opinion though, 6...e5 is
the most testing.} 7. Nb3 e6 8. Qe2 {There are only two moves which fight for
an opening advantage from this position: 8.Qe2 and 8.Bf4. With 8.Qe2 white
simply wants to develop in English Attack fashion and prove that black´s tempi
loss with the Qb6 and Qc7 manoeuvre is more important than forcing the white
knight away from the center. IM Florian Jenni won the following game with the
latter:} (8. Bf4 Ne5 9. Qe2 a6 10. Be3 Qc7 11. f4 Nc6 12. a4 b6 13. g4 Nb4 14.
Bg2 Nxg4 15. Qxg4 Nxc2+ 16. Kf2 Nxa1 17. Rxa1 g6 18. Rc1 Qb8 19. f5 Bg7 20. Qf3
Be5 21. Bd4 Bd7 22. Kg1 b5 23. axb5 axb5 24. Kh1 b4 25. Ne2 Bxd4 26. fxe6 fxe6
27. Nbxd4 e5 28. Nc6 Bxc6 29. Qf6 Kd7 30. Qg7+ Kd8 31. Qxh8+ Kc7 32. Qxh7+ Kb6
33. Qh3 Qg8 34. Qd3 Qe6 35. Qd2 Kb5 36. Ng3 {1-0 Jenni,F-Gershon,A/Yerevan ARM
2000 (36)}) 8... a6 9. g4 h6 {The normal continuation. During the game I
suddenly realized 9...d5 was possible as well. I did not know at the time that
this had already been played by Shirov, but it seems to be better for white,
provided he plays accurately.} (9... d5 10. Be3 d4 11. Bf2 Bc5 12. a3 Qc7 13.
O-O-O Bxa3 14. bxa3 dxc3 15. Bc5 e5 16. Qe3 Nd4 17. g5 Nh5 18. Qxc3 Nxb3+ 19.
cxb3 Be6 20. Kb2 Rc8 21. Bb4 Qxc3+ 22. Bxc3 f6 23. gxf6 gxf6 24. Rd6 Nf4 25.
Bd2 Kf7 26. Bxf4 exf4 27. Bc4 Bxc4 28. bxc4 Rxc4 29. Rd7+ Ke6 30. Rhd1 Rc6 31.
Rxb7 Rg8 32. Rdd7 Rg2+ 33. Kb3 Rxh2 34. Re7+ Kd6 35. Rbd7+ Kc5 36. Rd5+ Kb6 37.
a4 a5 38. Rb5+ Ka6 39. Re8 Rb6 40. Ra8+ Kb7 41. Rb8+ Kxb8 42. Rxb6+ Kc7 43.
Rxf6 h5 44. Rxf4 h4 45. Kc4 h3 46. Rh4 Rh1 47. Kd5 h2 48. Ke5 Rf1 49. Rxh2 Rxf3
50. Rc2+ Kb6 51. Rc4 {1-0 Grischuk,A-Shirov,A/Linares ESP 2001 (51)}) 10. Be3
Qc7 11. O-O-O b5 12. Kb1 {The king moves away from future inconveniences on
the <c> file, as well as protecting the <a2> pawn which sometimes has problems,
for the <c3> knight will almost for sure have to move.  I had already played
up to this position in a game against GM Gershon. The Israeli GM correctly
went for 12...Ne5, and the game was drawn after many complications and errors
from both sides. Still, I believe there is plenty of room for improvements for
both sides.} Be7 $2 {Black does not pay attention to the details and soon
finds himself in a bad position. The main problem of this move is that it
gives white just enough time to bring his queen to <g2> and launch his
kingside pawns forward.} (12... Ne5 13. Qf2 b4 14. Na4 Rb8 15. Rg1 Bb7 16. Bb6
Qc6 17. Ba7 Ra8 18. Na5 Qxa4 19. Nxb7 Qd7 20. Qb6 Be7 21. f4 Nc6 22. Nc5 Qxa7
23. Qxc6+ Kf8 24. g5 Nh5 25. Nd7+ Kg8 26. g6 Nxf4 27. Bc4 Nxg6 28. Bxe6 fxe6
29. Rxg6 Rd8 30. Rxe6 Qxd7 (30... Rxd7 $1 $17) 31. Qd5 Kh7 32. Qf5+ Kg8 33. Qd5
Kf8 $4 34. Qf5+ $4 (34. e5 $1 $18 {A double error which has gone unnoticed by
some annotators.}) 34... Kg8 35. Qd5 {1/2-1/2 Arizmendi Martinez,J-Gershon,A/
Bermuda 1999 (35)}) 13. h4 Ne5 14. Qg2 $1 {In the Arizmendi - Gershon game the
move Qe2-g2 was not possible due to the precarious position of the knight on
<a4>, which could be trapped along the <e8-a4> diagonal.} Nfd7 {Trying to take
the sting out of the g4-g5 advance. Now, however, the white pawn roller goes
on unhindered.} 15. f4 Nc4 16. Bxc4 $1 {A typical exchange in these positions.
White can put his knights on <c3> and <e2>, his bishop on <c1> and the king on
<a1>, after which the safety of the monarch will no longer be in doubt. Then,
white can concentrate on operations on the other side of the board. I
recommend Adams - Szekely, Hastings 1987 as a model of how to play these
positions, even though the black <e> pawn was on e5 in that game.} bxc4 17. Nd4
{The knght can still go to <e2>, but it is more active here than on <c1>.} Rb8
18. g5 Qa5 $2 {an error which allows a beautiful combination.} 19. Nc6 $3 {
This seems to lose, but it in fact wins quickly.} Qxc3 20. Bc1 $1 (20. Bd4 $4
Rxb2+ 21. Kc1 Rxc2+ 22. Qxc2 Qxc2+ 23. Kxc2 Bb7 $1 $17 {was black´s idea.})
20... Rb6 (20... Qa3 21. Nxb8 $18 {just wins an exchange.}) 21. Ka1 $3 {
And now, although the black queen has 16 squares to go to, it cannot avoid
being captured.} (21. Rh3 $2 Qxh3 22. Qxh3 Rxc6 {would be too many pieces for
a queen.}) 21... Qxc2 (21... Bf6 22. e5 $1 {was no option.}) 22. Qxc2 Rxc6 23.
Bd2 {The bishop goes to <b4>, pressuring the weak <d6> pawn.} h5 24. Bb4 a5 {
This buys some time to put the king to safety, but it will not help.} 25. Bxa5
O-O 26. Bb4 e5 27. f5 Bb7 28. f6 $1 {Of course, opening the position of the
black king.} gxf6 29. Qe2 Rb6 30. Rdg1 f5 31. Qxh5 Ra8 32. g6 {It will soon be
mate.} 1-0

[Event "Athens Acropolis"]
[Site "Athens"]
[Date "2003.08.28"]
[Round "4"]
[White "Schmaltz, Roland"]
[Black "Atalik, Suat"]
[Result "1-0"]
[WhiteElo "2530"]
[BlackElo "2599"]
[Annotator "Atalik,S"]
[PlyCount "71"]
[EventDate "2003.08.25"]
[EventType "tourn"]
[EventRounds "9"]
[EventCountry "GRE"]
[EventCategory "12"]
[SourceTitle "CBM 097"]
[Source "ChessBase"]
[SourceDate "2003.11.11"]
[SourceVersion "1"]
[SourceVersionDate "2003.11.11"]
[SourceQuality "1"]

1. e4 c5 2. Nf3 d6 3. d4 cxd4 4. Nxd4 Nf6 5. Nc3 Nc6 6. f4 {Now he comes up
with this move after the one we had in Baden-Baden.} e5 {In the spirit of
Boleslavsky.} ({I did not want to give him something he can play easy with a
clear map.} 6... g6 7. Nf3 Bg7 8. Bd3 Qb6 9. Qe2 O-O 10. Rb1 Bg4 11. Be3 Qa5
12. h3 Bxf3 13. Qxf3 Nd7 14. Bd2 Nc5 15. O-O Nxd3 16. cxd3 $11 {is something
more or less equal which was seen in one of late Goofy's games.The set up is
pretty similar to Pirc Defence Austrian Attack 5...c5 positions.}) 7. Nf3 Be7
8. Bd3 {Somehow in Athens I was suffering from something like Alzheimer. I
thought that was the move Salmensuu performed against me.} ({In deed the game
was like} 8. Bc4 O-O 9. O-O (9. Bb3 Rb8 10. Qd3 b5 11. Nxb5 $2 (11. O-O a5 $1
$36) 11... Qa5+ 12. Nc3 Ba6 13. Qd2 Rxb3 14. cxb3 Nb4 15. a3 Nd3+ 16. Kd1 Qb6
17. Kc2 Nc5 18. b4 Bd3+ 19. Kd1 Ncxe4 20. Nxe4 Nxe4 21. Qe3 Qc6 22. Ke1 Qc2 23.
fxe5 dxe5 $1 (23... Bd8 $2 24. Bd2 Bb6 25. Rc1 Qb3 26. Nd4 Bxd4 27. Qxd4 dxe5
28. Qe3 $13 {Zhelnin-Atalik,Sankt Peterburg 1994.}) 24. Bd2 Qxb2 25. Rd1 Bc2
26. Bc1 Qb1 $17) 9... exf4 10. Bxf4 Bg4 {was the move I came up against
Salmensuu in Groningen 1999.} 11. Qd2 Bh5 12. Rae1 Bg6 13. Kh1 Re8 14. Nd4 $1 (
14. Bb3 a6 15. Nd4 Na5 16. Nf5 Nxb3 17. axb3 Nxe4 $1 18. Nh6+ gxh6 19. Nxe4 Bh4
20. Qd4 Rxe4 21. Rxe4 Bf6 22. Re8+ Qxe8 23. Qxf6 Qe6 $11) 14... Nxd4 15. Qxd4
a6 16. Nd5 Rc8 (16... Nxd5 $6 17. Bxd5 Rc8 18. c3 Bf6 19. Qb4 $1 $16 (19. Qd2
Re7 20. Bxd6 Rd7 $11)) 17. c3 (17. Nxe7+ Qxe7 18. Bg5 Qc7 19. Bxf6 Qxc4 20.
Bxg7 Qxd4 21. Bxd4 Rxc2 $11) 17... Nd7 $1 18. Nxe7+ Qxe7 19. Bd5 Ne5 20. Qb6
Rc7 $14) 8... O-O {I have thought that I am following my Salmensuu game.} ({
Actually I have won a game after} 8... Qb6 9. Rb1 (9. a3 O-O 10. Qd2 exf4 11.
Qxf4 Re8 12. Qe3 Bd8 $1 $17 {Lupu-Atalik,Tusnad(Romanian League) 1993.}) 9...
O-O 10. Qe2 Bg4 11. Be3 Qa5 12. h3 Bxf3 13. Qxf3 d5 14. Bd2 (14. exd5 Nd4 15.
Qf2 Nxd5 16. fxe5 Nc6 17. Bd2 Nxc3 18. Bxc3 Bb4 19. O-O Bxc3 20. bxc3 Nxe5 21.
Rxb7 Qxc3 22. Qf5 Nxd3 23. cxd3 g6 $11) 14... Nd4 15. Qf2 dxe4 16. Nxe4 Qxa2
17. O-O $44 {Cabrilo-A.Rodriguez, Pancevo 1987}) 9. O-O exf4 10. Kh1 Bg4 11.
Bxf4 Bh5 $146 {Novelty by Mr. Alzheimer.} 12. Qd2 Bg6 13. Rae1 Qd7 $5 (13...
Re8 14. Nd5 $1 {is not very pleasant for black.}) 14. Nd5 Bd8 15. Bg5 Ng4 {
Everything works according to agenda. White has control over d5 but black has
control over e5.} 16. Bb5 Re8 17. h3 Bxg5 {There is no difference coming out
of move order.} (17... Nge5 18. Nh4 $1 (18. Nxe5 $2 Rxe5 (18... Bxg5 19. Qxg5 (
19. Nxd7 $2 Bxd2 20. Re2 Ba5 21. b4 Nxb4 22. N7f6+ gxf6 23. Bxe8 Rxe8 24. Nxf6+
Kf8 $19) 19... Rxe5 20. Qf4 Rae8 21. Bd3 $15) 19. Bxd8 (19. Bf4 $2 Rxe4 20. Bg3
a6 $17) 19... Rxd8 $13)) 18. Qxg5 Nge5 19. Nh4 Qd8 20. Qg3 Qa5 $1 21. a4 a6 22.
b4 Qd8 $15 {Black has more than a fine game.} ({I have pondered on} 22... Nxb4
23. Bxe8 Rxe8 24. Nxg6 hxg6 25. Qc3 Nbc6 26. Qxa5 Nxa5 $44 {for some time.})
23. Bd3 a5 $2 {This is the beginning of my incredible fall in this game.} (
23... Ne7 $1 24. Nf4 Qd7 25. a5 Rac8 26. Nf3 Qc7 $15) 24. bxa5 Rxa5 $2 {
I should have got rid of the bishop.} (24... Nxd3 25. cxd3 Rxa5 26. Nf5 Bxf5
27. Rxf5 Re5 $13) 25. Bb5 Rf8 26. Nf5 Na7 $4 {This was plane stupid.} (26...
Bxf5 27. exf5 f6 28. Nf4 $16) 27. Nde7+ Kh8 28. Rd1 $1 $18 {I have missed that.
} Nxb5 29. axb5 Qc7 {I have decided to pull out some petty tactics.} 30. Rxd6
Rxb5 31. Nd5 Rxd5 ({Maybe I should have gambled with} 31... Qc4 $5 32. Nfe3 Qd4
33. Rd1 Qb2 34. Nc7 Ra5 35. Rd8 Kg8 36. Rxf8+ Kxf8 37. Qe1 $1 (37. Rd8+ $6 Ke7
38. Rb8 Kd7) 37... Qa3 38. Rd8+ Ke7 39. Qd2 f6 40. Rg8 Kf7 41. Qd8 $18) 32.
Rxd5 f6 33. Rfd1 $2 h6 $4 {Instead of cashing a pawn and basing my hopes on
the pawn structure and my strong Ne5 I have blundered a piece.} ({What was
wrong with?} 33... Bxf5 34. exf5 Qxc2 35. Rd8 Rg8 $1 $14) 34. Qa3 $2 (34. Rxe5
$1 {Is it too difficult to see} Bxf5 35. Qa3 $1 $18) 34... Rb8 35. Qd6 $18 {
By this he guarantees to exchange my rook and win but I have cut the game
short.} Rc8 $2 (35... Qxd6 36. Rxd6 Kh7 37. Rd8 $18) 36. Rxe5 $1 {This time he
has seen.} 1-0

[Event "Sarajevo Bosnia 31st"]
[Site "Sarajevo"]
[Date "2001.05.17"]
[Round "5"]
[White "Movsesian, Sergei"]
[Black "Atalik, Suat"]
[Result "1-0"]
[WhiteElo "2661"]
[BlackElo "2537"]
[Annotator "Atalik,S"]
[PlyCount "123"]
[EventDate "2001.05.13"]
[EventType "tourn"]
[EventRounds "9"]
[EventCountry "BIH"]
[EventCategory "16"]
[SourceTitle "CBM 084"]
[Source "ChessBase"]
[SourceDate "2001.09.13"]
[SourceVersion "1"]
[SourceVersionDate "2001.09.13"]
[SourceQuality "1"]

1. e4 c5 2. Nf3 d6 3. d4 cxd4 4. Nxd4 Nf6 5. Nc3 Nc6 6. f3 e5 7. Nb3 Be7 8. Be3
Be6 $5 {This move is not considered the best.} (8... O-O 9. Qd2 a5 10. Bb5 Na7
11. Bd3 Nc6 12. a3 (12. Rd1 a4 13. Nc1 a3 14. b3 Nb4 $13) (12. Na4 d5 13. Nb6
dxe4 14. Nxa8 exd3 $44) 12... a4 13. Nc1 Be6 $13) 9. Nd5 Bxd5 10. exd5 Nb4 $1 (
{After} 10... Nb8 {white does not have to push c4.} 11. a4 $5) 11. c4 (11. Bb5+
$2 Kf8 $1 12. c4 a6 13. Ba4 b5 14. cxb5 Nfxd5 15. Bf2 Nf4 16. O-O Nbd3 17. Qd2
Nxf2 18. Qxf2 Qe8 $1 $17) 11... a5 12. Qd2 {Instead of this usual one white
could go for the pawn.} (12. Bd2 $5 {Movsesian} b6 13. Bxb4 axb4 14. Qd2 O-O
15. Qxb4 (15. Nc1 Nd7 16. Qxb4 Bg5 $44) 15... Nh5 16. g3 Bg5 17. Qc3 (17. Be2
Be3 18. Qc3 Qg5) 17... f5 18. Be2 Nf6 $44) 12... b6 13. Be2 O-O 14. O-O Na6 15.
Nc1 Nc5 (15... Nd7 16. Bd1 Nac5 {is another option.}) 16. Bd1 Nh5 $146 {
I was in the mood to continue the game in the same way like Grosar-Atalik,
Manila(ol)1992.Of course I was aware of the fact that decenteralisation may
turn out to be risky.} (16... Nfd7 17. Ne2 h6 {is usual.}) 17. Bc2 f5 18. Ne2
f4 19. Bf2 Bh4 20. g3 $1 {This was the first surprise to me.} Be7 $2 (20... Qg5
$2 21. Kg2) (20... Bg5 $2 21. g4 Ng3 {This was what I was relying on.} 22.
Bxh7+ $1 Kh8 23. Bxg3 fxg3 24. Qc2 Be3+ 25. Kg2 Qh4 26. hxg3 Qxh7 27. Rh1 Bh6
28. Qxh7+ Kxh7 29. g5 Nd3 30. b3 e4 31. f4 a4 32. gxh6 gxh6 33. Nc3 $18) ({But
} 20... fxg3 21. hxg3 Bg5 22. Qc3 Ra7 23. Kg2 Raf7 24. Bg1 Bf6 {may even be
better for black.}) 21. Kg2 g6 22. Nc3 Ng7 23. a3 Bg5 24. g4 $16 {After the
incredible mistake from black's part on the 20th move,the game looks like one
way traffic.} Bh4 25. Bg1 h5 $5 {Sitting passively will not bring bacon home!}
26. h3 a4 27. Bxc5 bxc5 28. Qd3 $6 {Sergey started to collect pawns from the
wrong side of the pawn.} (28. Bxg6 Qd7 $16) 28... Rf6 29. Bxa4 e4 $1 {Only
chance.} 30. Qxe4 (30. fxe4 Qe7 {may give black some compensation.}) 30... Ra7
31. Qe2 (31. Qc2 hxg4 32. hxg4 Nf5 33. gxf5 gxf5 34. Rh1 Rg6+ 35. Kf1 Qg5 36.
Qh2 Re7 $44 {with some activity for black.}) 31... hxg4 32. hxg4 (32. fxg4 f3+
33. Rxf3 Rxf3 34. Qxf3 Rf7 $44) 32... Nf5 $3 {This terrible shot was the whole
idea behind black's play.} 33. gxf5 gxf5 34. Rh1 $2 {Sergey panicks.} (34. Rg1
Rg6+ 35. Kf1 Rxg1+ 36. Kxg1 Rg7+ 37. Kf1 Qg5 38. Qh2 $18) 34... Re7 $1 {
e line is very important.} 35. Qd2 Rg6+ 36. Kf1 Re3 37. Rh3 $8 Qe7 38. Bc2 Qg7
$1 (38... Bg3 $2 {This move wins the queen but the resulting position is
hopeless for black.} 39. Bxf5 Rxf3+ 40. Kg2 Be1+ 41. Kxf3 Bxd2 42. Bxg6 $18)
39. Qh2 Bg3 $4 {A sad end to one of the most exciting games in Sarajevo,with
slight time trouble I have thought I would still play for a win.} (39... Qe5 $1
40. Ne2 (40. Ne4 $2 Qxb2 $1 {I did not see this capture at that time.} (40...
Qd4 41. Nc3 Qe5 $11 {seemed to be the natural outcome of the position at the
time of the game.} (41... Qxc4+ 42. Ne2 Qxc2 43. Rxh4 Qxb2 44. Rd1 (44. Rc1
Rxf3+ 45. Ke1 Re3 46. Rc2 Qxc2 47. Rh8+ Kf7 48. Qh7+ Rg7 49. Qh5+ Kf6 50. Qh6+
(50. Rf8+ $2 Ke5 $19) 50... Rg6 51. Qh4+ $11) 44... Rxe2 ({Now this does not
work since whites queen's rook is not en prise.} 44... Rxf3+ $2 45. Ke1 Re3 46.
Rxf4 $18) 45. Qxe2 Rg1+ 46. Kxg1 Qxe2 47. Rf1 c4 $15)) 41. Rd1 (41. Rb1 $4
Qxb1+ 42. Bxb1 Re1#) 41... fxe4 42. Bxe4 (42. Rxh4 Rxf3+ 43. Ke1 Qc3+ 44. Rd2
Qe3+ {just mates!} 45. Re2 (45. Qe2 Rg1#) 45... Qc1+ 46. Bd1 Qc3+ 47. Rd2 Qe3+
48. Re2 Rg1+ $19) 42... Qd4 $3 $19 {Curtains!}) (40. Qd2 $2 Bg3 $1 (40... Be1
$1 {leads almost to the same.} 41. Rxe1 (41. Qd1 Bxc3 42. bxc3 Qg7 43. Rh1 Rg3)
(41. Qh2 Bxc3 42. bxc3 Qxc3 43. Rd1 Rxf3+ 44. Rxf3 Qxf3+ 45. Qf2 Qh3+ 46. Ke1
Rg2 $19) 41... Rxe1+ 42. Qxe1 Rg1+ 43. Kxg1 Qxe1+ 44. Kg2 Qd2+ $19) 41. Qd1
Re1+ 42. Qxe1 Bxe1 43. Rxe1 Rg1+ 44. Kxg1 Qxe1+ $19) (40. Be4 $2 fxe4 41. Rxh4
Rxf3+ 42. Ke1 Rxc3 $19) 40... Qxb2 $1 (40... Rxe2 $6 41. Qxe2 Rg1+ 42. Kxg1
Qxe2 43. Bxf5 $1 (43. Rxh4 Qe3+ $11) 43... Bf6 44. Kh1 $16 {looks to whites
advantage.}) 41. Rxh4 (41. Rb1 $2 Qxc2 42. Rb8+ Kf7 43. Rb7+ Kf6 $19) 41...
Qxa1+ 42. Kf2 Rxe2+ 43. Kxe2 Qe5+ 44. Kf1 Qa1+ 45. Ke2 Qe5+ 46. Kf1 Qa1+ 47.
Kf2 Qd4+ 48. Kf1 $11) 40. Qh1 $1 $18 Qe5 (40... Rxc3 41. bxc3 Qxc3 42. Rh8+
Qxh8 43. Qxh8+ Kxh8 44. a4 $18) (40... Qd4 41. Ne2 Rxe2 42. Rh8+ Qxh8 43. Qxh8+
Kxh8 44. Kxe2 $18) 41. Ne2 $1 {After the time trouble was over I have seen
that I am lost with this move.} Rxe2 42. Rh8+ Kf7 43. Qh7+ Rg7 44. Qh5+ Rg6 45.
Qh7+ Rg7 46. Qh5+ Rg6 47. Qxf5+ Qxf5 48. Bxf5 Rf2+ 49. Kg1 Rg5 50. Be6+ Kf6 51.
Bg4 Rxb2 52. Rh6+ Rg6 53. Rxg6+ Kxg6 54. a4 {The a pawn decides.} Rb7 (54...
Bf2+ 55. Kf1 Bd4 56. a5 Rf2+ 57. Ke1 Rh2 58. Ra4 $18) 55. a5 Kf6 56. a6 Ra7 57.
Bc8 Ke5 58. Rd1 Bh4 59. Bb7 Bf6 60. Kf2 Kf5 61. Ke2 Be5 62. Rg1 1-0

[Event "Alushta"]
[Site "Alushta"]
[Date "1999.03.03"]
[Round "1"]
[White "Svetushkin, Dmitry"]
[Black "Atalik, Suat"]
[Result "0-1"]
[WhiteElo "2471"]
[BlackElo "2593"]
[Annotator "Atalik,S"]
[PlyCount "79"]
[EventDate "1999.03.03"]
[EventType "tourn"]
[EventRounds "11"]
[EventCountry "UKR"]
[EventCategory "10"]
[SourceTitle "CBM 070"]
[Source "ChessBase"]
[SourceDate "1999.06.08"]
[SourceVersion "1"]
[SourceVersionDate "1999.06.08"]
[SourceQuality "1"]

1. e4 c5 2. Nf3 d6 3. d4 cxd4 4. Nxd4 Nf6 5. f3 $5 Nc6 6. Nc3 e5 7. Nb3 Be7 8.
Be3 O-O 9. Qd2 a5 10. Bb5 Na7 11. Be2 (11. Bd3 Be6 12. Rd1 Nc8) 11... Be6 12.
Rd1 Nc8 13. Bb5 Nb6 14. Qf2 Nfd7 (14... Nc4 $5 15. Bxc4 Bxc4 16. Bb6 Qc8 17.
Nxa5 Ba6 $44 {xKe1}) 15. Qe2 a4 16. Nc1 a3 (16... Qc7 17. a3 Nc4 18. Bxc4 Bxc4
19. Qd2 $14 (19. Nd3 Nf6)) 17. b3 Qc7 18. Nd5 Bxd5 19. Bxd7 (19. exd5 $6 Qc3+
20. Qd2 Rfc8 $17) 19... Nxd7 20. Rxd5 Nf6 $1 (20... Qc3+ $6 21. Qd2 Rac8 22.
Rb5 b6 23. Kd1 $14) 21. Rd3 (21. Rb5 Ra5) 21... Rfc8 (21... Rac8 $5 22. c3 Rfd8
23. Qd1) 22. c3 Qa5 23. b4 $6 (23. Qd2 d5 24. exd5 e4 25. b4 Qb5 26. Rd4 exf3
27. gxf3 Bd6 $44) 23... Qb5 24. Bg5 Ra6 25. Bxf6 Bxf6 26. O-O $2 (26. Qd2 h6
27. h4 Qc4 28. Ne2 $11) 26... Bg5 27. Nb3 h6 28. Qd1 Rac6 $17 29. f4 Bxf4 $6 (
29... exf4 $1 30. Nd4 Qb6 31. Rff3 Bf6 $19) 30. Qf3 Qb6+ 31. Kh1 Qc7 32. g3 (
32. h4 $6 Rxc3 33. g3 Rxd3 34. Qxd3 Qc4 $1 35. Qxc4 Rxc4 36. gxf4 Rxe4 37. fxe5
Rxh4+ 38. Kg2 dxe5 39. b5 Rb4 $19) 32... Bg5 33. h4 $2 (33. Na5 Ra6 34. Rd5 $17
) 33... Bf6 34. Rc1 $138 Rc4 35. b5 Qd7 36. Nd2 Rb4 37. cxb4 Qh3+ 38. Kg1 Rxc1+
39. Nf1 Bd8 40. Qf2 (40. Rxd6 Bc7) (40. Qf2 Bb6 $1 $19) 0-1